[Event "HUN-chT U18"]
[Site "Budapest"]
[Date "2022.11.02"]
[Round "5.4"]
[White "Petroczy, Zoltan"]
[Black "Panda, Barnabas"]
[Result "1-0"]
[WhiteElo "1623"]
[BlackElo "1690"]
[PlyCount "79"]
[EventDate "2022.10.31"]
[EventType "team-swiss"]
[EventRounds "7"]
[EventCountry "HUN"]
[SourceTitle "CBM 211 Extra"]
[Source "ChessBase"]
[SourceDate "2023.01.31"]
[SourceVersion "1"]
[SourceVersionDate "2023.01.31"]
[SourceQuality "1"]
[WhiteTeam "Haladas"]
[BlackTeam "TFSE"]
[WhiteTeamCountry "HUN"]
[BlackTeamCountry "HUN"]

1. e4 c5 2. Nf3 e6 3. d4 cxd4 4. Nxd4 a6 5. c4 Nf6 6. Bd3 Qc7 7. 0-0 Be7 8. Nc3 d6 9. Be3 0-0 10. Rc1 Nbd7 11. f3 b6 12. b3 h5 13. Qc2 Bb7 14. Rfd1 Rac8 15. Bf1 Qb8 16. Qd2 Rfd8 17. Qe1 Bf8 18. Nde2 Qa8 19. Nf4 Bc6 20. a3 Bb7 21. b4 a5 22. Qf2 axb4 23. axb4 d5 24. exd5 exd5 25. Ncxd5 Nxd5 26. Nxd5 Bxd5 27. Rxd5 Bxb4 28. Rxh5 Qa3 29. Rd1 Nf6 30. Rxd8+ Rxd8 31. Rb5 Nd7 32. Rd5 Bc5 33. Bxc5 bxc5 34. Qd2 Qa7 35. Bd3 Rb8 36. Rxd7 Qa1+ 37. Kf2 g6 38. Be2 Qf6 39. Qd6 Qh4+ 40. Qg3 1-0

[Event "HUN-chT U18"]
[Site "Budapest"]
[Date "2022.11.01"]
[Round "2.5"]
[White "Petroczy, Zoltan"]
[Black "Szabo, Akos1111"]
[Result "1/2-1/2"]
[WhiteElo "1623"]
[BlackElo "1608"]
[PlyCount "60"]
[EventDate "2022.10.31"]
[EventType "team-swiss"]
[EventRounds "7"]
[EventCountry "HUN"]
[SourceTitle "CBM 211 Extra"]
[Source "ChessBase"]
[SourceDate "2023.01.31"]
[SourceVersion "1"]
[SourceVersionDate "2023.01.31"]
[SourceQuality "1"]
[WhiteTeam "Haladas"]
[BlackTeam "DVTK SE"]
[WhiteTeamCountry "HUN"]
[BlackTeamCountry "HUN"]

1. e4 e5 2. Nf3 Nc6 3. Bc4 Bc5 4. c3 Nf6 5. d4 exd4 6. 0-0 Nxe4 7. cxd4 Bb6 8. d5 Ne7 9. Qd3 Nxf2 10. Rxf2 Bxf2+ 11. Kxf2 d6 12. Bf4 0-0 13. Nc3 Bf5 14. Qd2 a6 15. Nd4 Bg6 16. Rd1 Nf5 17. Nxf5 Bxf5 18. Qd4 Re8 19. Bd3 Qh4+ 20. Kg1 Bg6 21. Bf1 Qg4 22. Qd2 Qf5 23. Bd3 Qxd3 24. Qxd3 Bxd3 25. Rxd3 h6 26. Kf2 Re7 27. Ne2 g5 28. Be3 Kg7 29. Bd4+ Kg6 30. Bc3 f5 1/2-1/2

[Event "HUN-chT Region CSB"]
[Site "Hungary"]
[Date "2022.02.12"]
[Round "5.6"]
[White "Farkas, Virag"]
[Black "Petroczy, Zoltan"]
[Result "0-1"]
[WhiteElo "1581"]
[BlackElo "1625"]
[PlyCount "76"]
[EventDate "2021.11.06"]
[EventType "team-swiss"]
[EventRounds "10"]
[EventCountry "HUN"]
[SourceTitle "EXT 2023"]
[Source "ChessBase"]
[SourceDate "2022.10.05"]
[SourceVersion "1"]
[SourceVersionDate "2022.10.05"]
[SourceQuality "1"]
[WhiteTeam "Feher Lo Semmovar"]
[BlackTeam "Szombathely"]
[WhiteTeamCountry "HUN"]
[BlackTeamCountry "HUN"]

1. e4 d5 2. exd5 Nf6 3. Nf3 Nxd5 4. d4 g6 5. c4 Nb6 6. Nc3 Bg7 7. Be2 0-0 8. 0-0 Nc6 9. d5 Ne5 10. Nxe5 Bxe5 11. Bh6 Re8 12. Qc2 e6 13. dxe6 Qh4 14. g3 Qxh6 15. c5 Bxe6 16. cxb6 axb6 17. f4 Bd4+ 18. Kh1 Bf5 19. Bd3 Bxd3 20. Qxd3 Rad8 21. Rae1 Qh3 22. Ne4 c5 23. Ng5 Qc8 24. Qb3 Qc6+ 25. Nf3 Rxe1 26. Rxe1 Bxb2 27. Kg1 Bf6 28. g4 c4 29. Qe3 Rd3 30. Qe8+ Qxe8 31. Rxe8+ Kg7 32. Kg2 Bb2 33. Re7 c3 34. Rc7 Rd5 35. Ne1 Rd2+ 36. Kg3 Re2 37. Ng2 c2 38. Kf3 Rd2 0-1

[Event "HUN-chT U18"]
[Site "Budapest"]
[Date "2019.10.28"]
[Round "5.4"]
[White "Petroczy, Zoltan"]
[Black "Novak, Levente Peter"]
[Result "0-1"]
[WhiteElo "1573"]
[BlackElo "1639"]
[PlyCount "46"]
[EventDate "2019.10.26"]
[EventType "team-swiss"]
[EventRounds "7"]
[EventCountry "HUN"]
[SourceTitle "CBM 192 Extra"]
[Source "Chessbase"]
[SourceDate "2019.11.06"]
[SourceVersion "1"]
[SourceVersionDate "2019.11.06"]
[SourceQuality "1"]
[WhiteTeam "Haladas"]
[BlackTeam "Sarkany DSE"]
[WhiteTeamCountry "HUN"]
[BlackTeamCountry "HUN"]

1. e4 c5 2. Nf3 d6 3. d4 cxd4 4. Nxd4 Nf6 5. Nc3 g6 6. Bg5 Bg7 7. Bb5+ Bd7 8. Qe2 a6 9. Bxd7+ Nbxd7 10. 0-0-0 0-0 11. f4 Qa5 12. Nb3 Qc7 13. f5 b5 14. g4 b4 15. Nd5 Nxd5 16. Rxd5 Nf6 17. Bxf6 Bxf6 18. fxg6 hxg6 19. h4 a5 20. g5 Be5 21. h5 a4 22. hxg6 axb3 23. gxf7+ Rxf7 0-1

[Event "HUN-ch U14"]
[Site "Balatonlelle"]
[Date "2019.06.22"]
[Round "2"]
[White "Petroczy, Zoltan"]
[Black "Pervai, Laszlo"]
[Result "0-1"]
[WhiteElo "1517"]
[BlackElo "2033"]
[PlyCount "70"]
[EventDate "2019.06.21"]
[EventType "swiss"]
[EventRounds "9"]
[EventCountry "HUN"]
[SourceTitle "CBM 191 Extra"]
[Source "ChessBase"]
[SourceDate "2019.09.30"]
[SourceVersion "1"]
[SourceVersionDate "2019.09.30"]
[SourceQuality "1"]

1. e4 c5 2. Nf3 Nc6 3. d4 cxd4 4. Nxd4 g6 5. Nc3 Bg7 6. Be3 Nf6 7. Nxc6 bxc6 8. e5 Ng8 9. f4 f6 10. exf6 Nxf6 11. Be2 d5 12. 0-0 0-0 13. Bf3 Qa5 14. Kh1 Ba6 15. Rf2 Rfd8 16. Rd2 Rab8 17. Rb1 Bc4 18. Bd4 Ne8 19. Bxg7 Nxg7 20. Qc1 Nf5 21. Nd1 Nd4 22. b3 Nxf3 23. gxf3 d4 24. c3 Bd5 25. Rf2 c5 26. Qc2 Qc7 27. cxd4 Qxf4 28. Qe2 cxd4 29. Nb2 Rf8 30. Rbf1 Qe3 31. Qd3 Rbc8 32. Qd1 Rc3 33. Kg2 Rf5 34. h3 Rg5+ 35. Kh1 Rh5 0-1

[Event "HUN-chT2 Charousek 1819"]
[Site "Hungary"]
[Date "2019.01.27"]
[Round "6.12"]
[White "Juhasz, Judit"]
[Black "Petroczy, Zoltan"]
[Result "1-0"]
[WhiteElo "1956"]
[BlackElo "1474"]
[PlyCount "39"]
[EventDate "2018.09.23"]
[EventType "team-tourn"]
[EventRounds "11"]
[EventCountry "HUN"]
[SourceTitle "CBM 189 Extra"]
[Source "ChessBase"]
[SourceDate "2019.06.03"]
[SourceVersion "1"]
[SourceVersionDate "2019.06.03"]
[SourceQuality "1"]
[WhiteTeam "Tapolca Varosi"]
[BlackTeam "Haladas Szombathely II"]
[WhiteTeamCountry "HUN"]
[BlackTeamCountry "HUN"]

1. e4 d5 2. exd5 Nf6 3. d4 Nxd5 4. Nf3 g6 5. Bc4 Nb6 6. Bb3 Bg7 7. 0-0 0-0 8. h3 Nc6 9. c3 e5 10. Bg5 Qe8 11. Re1 Kh8 12. dxe5 Nxe5 13. Nxe5 Bxe5 14. f4 Qc6 15. fxe5 Bf5 16. Bf6+ Kg8 17. Kh2 Rfe8 18. Qd4 Qxf6 19. exf6 Rxe1 20. Qd2 1-0

[Event "HUN-chT2 Szechenyi 1819"]
[Site "Hungary"]
[Date "2018.11.18"]
[Round "2.10"]
[White "Kaufmann, Bertalan"]
[Black "Petroczy, Zoltan"]
[Result "1/2-1/2"]
[WhiteElo "1574"]
[BlackElo "1458"]
[PlyCount "26"]
[EventDate "2018.10.28"]
[EventType "team-tourn"]
[EventRounds "9"]
[EventCountry "HUN"]
[SourceTitle "EXT 2021"]
[Source "ChessBase"]
[SourceDate "2020.10.23"]
[SourceVersion "1"]
[SourceVersionDate "2020.10.23"]
[SourceQuality "1"]
[WhiteTeam "Ajka ASSE"]
[BlackTeam "Haladas Szombathely III"]
[WhiteTeamCountry "HUN"]
[BlackTeamCountry "HUN"]

1. e4 d5 2. exd5 Nf6 3. Nf3 Nxd5 4. g3 g6 5. Bg2 Nc6 6. 0-0 Bg7 7. d4 0-0 8. c3 Re8 9. Re1 Nb6 10. Bf4 Bg4 11. Qc2 Bf5 12. Qd1 Nc4 13. Nbd2 Nd6 1/2-1/2

[Event "HUN-chT2 Szechenyi 1718"]
[Site "Hungary"]
[Date "2018.05.06"]
[Round "9"]
[White "Simo, Judit"]
[Black "Petroczy, Zoltan"]
[Result "1/2-1/2"]
[WhiteElo "1777"]
[BlackElo "1422"]
[PlyCount "34"]
[EventDate "2017.10.29"]
[EventType "team-tourn"]
[EventRounds "9"]
[EventCountry "HUN"]
[SourceTitle "EXT 2021"]
[Source "ChessBase"]
[SourceDate "2020.10.23"]
[SourceVersion "1"]
[SourceVersionDate "2020.10.23"]
[SourceQuality "1"]
[WhiteTeam "Tapolca VSE II"]
[BlackTeam "Haladas Szombathely III"]
[WhiteTeamCountry "HUN"]
[BlackTeamCountry "HUN"]

1. e4 e5 2. Nf3 Nc6 3. Bb5 a6 4. Ba4 Nf6 5. d4 exd4 6. 0-0 Be7 7. Re1 0-0 8. e5 Nd5 9. Nxd4 Nxd4 10. Qxd4 Nb6 11. Bb3 d5 12. exd6 Bxd6 13. Qe4 Qf6 14. Be3 Bf5 15. Qxb7 Qxb2 16. Nd2 Bxc2 17. Bxb6 Rab8 1/2-1/2

[Event "HUN-chT2 Szechenyi 1718"]
[Site "Hungary"]
[Date "2017.11.26"]
[Round "2.12"]
[White "Egri, Zsolt"]
[Black "Petroczy, Zoltan"]
[Result "1-0"]
[WhiteElo "1660"]
[BlackElo "1422"]
[PlyCount "105"]
[EventDate "2017.10.29"]
[EventType "team-tourn"]
[EventRounds "9"]
[EventCountry "HUN"]
[SourceTitle "EXT 2021"]
[Source "ChessBase"]
[SourceDate "2020.10.23"]
[SourceVersion "1"]
[SourceVersionDate "2020.10.23"]
[SourceQuality "1"]
[WhiteTeam "Sarvar"]
[BlackTeam "Haladas Szombathely III"]
[WhiteTeamCountry "HUN"]
[BlackTeamCountry "HUN"]

1. e4 c5 2. Nc3 d6 3. g3 Nc6 4. Bg2 Nf6 5. d3 g6 6. Nge2 Bg7 7. 0-0 0-0 8. h3 e6 9. f4 a6 10. Be3 Qc7 11. Qd2 Bd7 12. g4 Rad8 13. Ng3 b5 14. Qf2 Bc8 15. e5 dxe5 16. Bxc5 exf4 17. Qxf4 Qxf4 18. Rxf4 Bh6 19. Rxf6 Bg5 20. Bxc6 Bxf6 21. Bxf8 Kxf8 22. Rf1 Bd4+ 23. Kg2 Rd6 24. Bf3 Bd7 25. a3 Rb6 26. Nge2 Bg7 27. d4 Rb8 28. Ne4 Rd8 29. c3 Ke7 30. Nc5 Bc8 31. b4 Rd6 32. g5 h6 33. h4 Rd8 34. Ng3 h5 35. Nge4 Kf8 36. Nf6 Ke7 37. Bd1 Rd6 38. a4 Rd8 39. a5 Rd6 40. Bc2 Rc6 41. Be4 Rc7 42. d5 Ra7 43. d6+ Kd8 44. d7 Bxd7 45. Ncxd7 Bxf6 46. Nxf6 Ke7 47. Rd1 Rc7 48. Rd3 Rc4 49. Kf3 Rc7 50. Kf4 Ra7 51. Bc6 Rc7 52. Rd7+ Rxd7 53. Bxd7 1-0

[Event "HUN-chT2 Szechenyi 1718"]
[Site "Hungary"]
[Date "2017.10.29"]
[Round "1.11"]
[White "Pal, Istvan"]
[Black "Petroczy, Zoltan"]
[Result "1-0"]
[WhiteElo "1721"]
[BlackElo "1422"]
[PlyCount "59"]
[EventDate "2017.10.29"]
[EventType "team-tourn"]
[EventRounds "9"]
[EventCountry "HUN"]
[SourceTitle "EXT 2021"]
[Source "ChessBase"]
[SourceDate "2020.10.23"]
[SourceVersion "1"]
[SourceVersionDate "2020.10.23"]
[SourceQuality "1"]
[WhiteTeam "Gyor Elektromos"]
[BlackTeam "Haladas Szombathely III"]
[WhiteTeamCountry "HUN"]
[BlackTeamCountry "HUN"]

1. c4 Nf6 2. Nc3 g6 3. d4 Bg7 4. e4 d6 5. Nf3 0-0 6. Be2 Bd7 7. Bf4 Nh5 8. Be3 c6 9. Qd2 Qc7 10. h3 e5 11. 0-0-0 b5 12. cxb5 cxb5 13. Kb1 Qb7 14. dxe5 dxe5 15. Nd5 Bc6 16. Qb4 Re8 17. Qa5 Na6 18. a4 Bxd5 19. exd5 e4 20. Nd4 Nc5 21. Bxb5 Rec8 22. Bc6 Rxc6 23. dxc6 Qe7 24. c7 Nd7 25. Rc1 Qe8 26. Nc6 Bf8 27. Nd8 Rc8 28. Qa6 Rxc7 29. Rxc7 Qxd8 30. Qc8 1-0

[Event "HUN-chT2 Szechenyi 1617"]
[Site "Hungary"]
[Date "2017.02.12"]
[Round "8.12"]
[White "Egri, Zsolt"]
[Black "Petroczy, Zoltan"]
[Result "1-0"]
[WhiteElo "1639"]
[BlackElo "1365"]
[PlyCount "55"]
[EventDate "2016.09.25"]
[EventType "team-tourn"]
[EventRounds "11"]
[EventCountry "HUN"]
[SourceTitle "EXT 2021"]
[Source "ChessBase"]
[SourceDate "2020.10.23"]
[SourceVersion "1"]
[SourceVersionDate "2020.10.23"]
[SourceQuality "1"]
[WhiteTeam "Sarvar"]
[BlackTeam "Arboretum"]
[WhiteTeamCountry "HUN"]
[BlackTeamCountry "HUN"]

1. e4 e5 2. Nf3 Nc6 3. Bc4 Nf6 4. d3 Bc5 5. Nc3 0-0 6. a3 d6 7. h3 a6 8. 0-0 Be6 9. Ba2 h6 10. Kh1 Qd7 11. Nh2 Bd4 12. Ne2 Bb6 13. f4 Nh5 14. Qe1 Bxa2 15. Rxa2 Qe7 16. f5 Kh7 17. Ng4 f6 18. Qh4 Qf7 19. Ra1 Ne7 20. Rf3 Ng8 21. Ng3 Nxg3+ 22. Rxg3 Bd4 23. Nxh6 Nxh6 24. Rg6 Kh8 25. Bxh6 gxh6 26. Rxh6+ Kg7 27. Rh7+ Kg8 28. Rh8+ 1-0